LEADER 05638nam 22006974a 450 001 9910456342103321 005 20200520144314.0 010 $a1-4623-7346-1 010 $a1-4527-6449-2 010 $a1-283-53706-0 010 $a9786613849519 010 $a1-4519-7992-4 035 $a(CKB)2470000000001365 035 $a(EBL)1608441 035 $a(SSID)ssj0000085679 035 $a(PQKBManifestationID)11125826 035 $a(PQKBTitleCode)TC0000085679 035 $a(PQKBWorkID)10010427 035 $a(PQKB)11384376 035 $a(MiAaPQ)EBC1608441 035 $a(Au-PeEL)EBL1608441 035 $a(CaPaEBR)ebr10300258 035 $a(OCoLC)870245403 035 $a(EXLCZ)992470000000001365 100 $a20080124d2007 uf 0 101 0 $aeng 135 $aur|n|---||||| 181 $ctxt 182 $cc 183 $acr 200 00$aBuilding monetary and financial systems$b[electronic resource] $ecase studies in technical assistance /$feditors, Charles Enoch, Karl Habermeier, and Marta Castello-Branco 210 $aWashington, DC $cInternational Monetary Fund$dc2007 215 $a1 online resource (358 p.) 300 $aDescription based upon print version of record. 311 $a1-58906-615-4 320 $aIncludes bibliographical references. 327 $aCover; Contents; Preface; Introduction; I. Starting to Build Institutions; 1. Building the National Bank of Rwanda's Monetary and Supervisory Functions; Figures; 1.1. Rwanda: The BNR's Interest Rate Corridor; 2. Modernizing the Central Bank of Congo; Tables; 2.1. Congo (Dem. Rep.): Economic and Financial Indicators: 1998-2005; 3. The Kyrgyz Republic: Challenges of Financial Sector Reforms; 3.1. Kyrgyz Republic: IMF Technical Assistance Delivery by Topic, 1992-2006; 3.2. Kyrgyz Republic: IMF Technical Assistance Topics, 1992-2006; Boxes 327 $a3.1. Kyrgyz Republic: Guiding Principles for Banking Resolution...444. Mongolia: Toward Risk-Based Bank Supervision in a Transition Economy; 5. Reconstructing Central Banking in War-Torn Liberia; 6. Kosovo: Establishing Institutions from Scratch; 6.1. Total Assets, Loans, and Deposits of Commercial Banks; 7. Banking Supervision in an Ongoing Conflict: The Case of Iraq; II. Implementing Monetary and Financial Policies; 8. Surveillance and Technical Assistance Working Together: Modernizing Monetary and Financial Policies in Guatemala; 8.1. Guatemala: Legal Central Bank Independence 327 $a8.2. Integration of Short-Term and Structural Forecasting Models9. Achieving Exchange Rate Flexibility: The Challenges of Egypt's Ongoing Experience; 9.1. Egypt: Official and Parallel Market Prices; 9.2. Monthly Average Turnover of the Interbank Foreign Exchange Market in Egypt, September 2004-March 2006; 9.3. Egypt: Pounds per US1, November 2004-May 2006; 10. From Fixed to Float in Bangladesh; 10.1. Bangladesh: Foreign Exchange Arrangements and Market Characteristics Prior to the Float; 10.2. Operational Requirements for a Market-Determined Foreign Exchange Regime 327 $a10.3. Establishing an Effective Interface with Markets: Modalities for Intervention10.1. Bangladesh: Selected Indicators; 11. Establishing and Managing a Petroleum Fund in Timor-Leste; 11.1. Timor-Leste Petroleum Fund: Chronology of Developments; 12. Enhancing Financial Stability Through Consolidated Supervision: The Case of the Philippines; 13. Albania: Stress Testing for Banking Supervisors; 13.1. Stress Test Exercises-General; 13.2. Stress Testing and Basel II; 13.1. Origins of Shocks to the Banking System; 13.1. Banks' Exposure to Different Risks 327 $a13.2. Exchange Regimes for Central and Eastern European Countries, 1999-200313.3. Share of Foreign Exchange Loans and Deposits, End- 2003; 13.3. Stress Testing at the Bank of Albania-Market Risk; 13.4. Credit Risk Stress Testing-An Example from the Bank of England; 14. Resolving the Banking Crisis in Uruguay; 14.1. Uruguay: Banking Soundness Indicators, 2001; 14.1. Reserve Coverage; 14.2. Uruguay: Total Government Assistance to Banks as of August 2002; 15. Preparing Financial Systems for a Human Influenza Pandemic; 16. Supervising Nonbank Financial Institutions 327 $a16.1. Overview of IMF Technical Assistance Involvement in NBFI Supervision 330 $aThis book includes 21 case studies of technical assistance provided by the IMF's former Monetary and Financial Systems Department during 2003-06. These studies cover issues related to monetary policy and operations, financial markets, payment systems, and financial regulation and supervision, with an emphasis on both the substance of the issues and the modalities of technical support. The book illustrates that the formulation of sound monetary and financial policies needs to be complemented by proper and efficient implementation. It shows how weaknesses in institutional capacity can hinder pol 606 $aFinancial institutions$zDeveloping countries$vCase studies 606 $aMonetary policy$zDeveloping countries$vCase studies 606 $aTechnical assistance$zDeveloping countries$vCase studies 608 $aElectronic books. 615 0$aFinancial institutions 615 0$aMonetary policy 615 0$aTechnical assistance 676 $a332.109172/4 701 $aEnoch$b Charles$0865326 701 $aHabermeier$b Karl Friedrich$0888841 701 $aCastello Branco$b Marta de$0888842 801 0$bMiAaPQ 801 1$bMiAaPQ 801 2$bMiAaPQ 906 $aBOOK 912 $a9910456342103321 996 $aBuilding monetary and financial systems$91985402 997 $aUNINA LEADER 04047 am 2201069 n 450 001 9910416504603321 005 20200616 010 $a2-7351-2687-0 024 7 $a10.4000/books.editionsmsh.17083 035 $a(CKB)4100000011214047 035 $a(FrMaCLE)OB-editionsmsh-17083 035 $a(oapen)https://directory.doabooks.org/handle/20.500.12854/51965 035 $a(PPN)244859892 035 $a(EXLCZ)994100000011214047 100 $a20200505j|||||||| ||| 0 101 0 $afre 135 $auu||||||m|||| 181 $ctxt$2rdacontent 182 $cc$2rdamedia 183 $acr$2rdacarrier 200 10$aLoin de Moscou $eGérard Singer et l?art engagé /$fSzymon Piotr Kubiak 210 $aParis $cÉditions de la Maison des sciences de l?homme$d2020 215 $a1 online resource (191 p.) 311 $a2-7351-2443-6 330 $aEn 2014, une peinture monumentale du peintre français Gérard Singer, Le 14 février 1950 à Nice, est redécouverte dans les réserves du musée de Szczecin en Pologne. Par quels chemins cette ?uvre est-elle arrivée là ? C?est ce que Szymon Piotr Kubiak entreprend de retracer dans le présent ouvrage. À travers une narration foisonnante, il met en relation les milieux artistiques et culturels communistes de France et de Pologne, rarement rassemblés par l?histoire de l?art de la seconde moitié du XXe siècle. Le recul historique lui permet de révéler les transformations qu?a connues l?analyse des pratiques artistiques de l?époque stalinienne en Pologne. L?auteur invite ainsi à une réflexion sur le long silence autour de l?art dans les pays communistes lorsqu?il ne relevait pas des avant-gardes. Par-delà les différences politiques et les frontières géographiques, Kubiak tisse des liens à travers l?Europe coupée en deux par le rideau de fer et fait apparaître l?art des pays communistes comme participant à la toile de fond sur laquelle se sont développés les arts plastiques de l?espace capitaliste. L?ouvrage incite donc à penser les interdépendances entre l?Est et l?Ouest, pour relire la guerre froide en Europe sous un nouveau jour. 606 $aArts & Humanities 606 $a20. Jahrhundert 606 $aBRD 606 $aDDR 606 $aDeutschland 606 $aEiserner Vorhang 606 $aEuropa 606 $aFrankreich 606 $aKalter Krieg 606 $aKunst 606 $aKunstbeziehungen 606 $aKunstgeschichte 606 $aOsteuropa 606 $aPolen 606 $acapitalisme 606 $acommunisme 606 $aimage 606 $amarxisme 606 $apeinture 606 $apensée artistique 606 $apensée politique 606 $apolitique culturelle 606 $arideau de fer 606 $aXXe siècle 610 $aKunstgeschichte 610 $aEiserner Vorhang 610 $aKalter Krieg 610 $aKunstbeziehungen 610 $a20. Jahrhundert 610 $aPolen 610 $aKunst 610 $aDDR 610 $aDeutschland 610 $aFrankreich 610 $aBRD 610 $aOsteuropa 610 $aEuropa 615 4$aArts & Humanities 615 4$a20. Jahrhundert 615 4$aBRD 615 4$aDDR 615 4$aDeutschland 615 4$aEiserner Vorhang 615 4$aEuropa 615 4$aFrankreich 615 4$aKalter Krieg 615 4$aKunst 615 4$aKunstbeziehungen 615 4$aKunstgeschichte 615 4$aOsteuropa 615 4$aPolen 615 4$acapitalisme 615 4$acommunisme 615 4$aimage 615 4$amarxisme 615 4$apeinture 615 4$apensée artistique 615 4$apensée politique 615 4$apolitique culturelle 615 4$arideau de fer 615 4$aXXe siècle 700 $aKubiak$b Szymon Piotr$01315448 801 0$bFR-FrMaCLE 906 $aBOOK 912 $a9910416504603321 996 $aLoin de Moscou$93032366 997 $aUNINA